| 000 | 00818cam a2200301 i 4500 | ||
|---|---|---|---|
| 001 | 160580 | ||
| 003 | TR-AnTOB | ||
| 005 | 20240515135821.0 | ||
| 007 | ta | ||
| 008 | 161110s1999 tu 000 0 tur d | ||
| 040 |
_aTR-AnTOB _beng _erda _cTR-AnTOB |
||
| 041 | 0 | _atur | |
| 050 | _aHC493.S15 | ||
| 090 | _aHC493.S15 | ||
| 110 | 2 |
_aSafranbolu Ticaret ve Sanayi Odası _967313 |
|
| 245 | 1 | 0 | _a2000'e doğru Safranbolu'99. |
| 264 | 1 |
_aSafranbolu : _bSafranbolu Ticaret ve Sanayi Odası, _c1999. |
|
| 300 |
_a44 pages ; _ccm |
||
| 336 |
_atext _btxt _2rdacontent |
||
| 337 |
_aunmediated _bn _2rdamedia |
||
| 338 |
_avolume _bnc _2rdacarrier |
||
| 653 | 5 | _aSafranbolu (Türkiye)--Ekonomik durum | |
| 902 | _aT000902 (001187) | ||
| 903 | _aTOBB Koleksiyonu | ||
| 942 |
_2lcc _cBK |
||
| 945 | _aÇP | ||
| 999 |
_c160580 _d41692 |
||